000 00381nam a2200133Ia 4500
008 211109s9999||||xx |||||||||||||| ||und||
082 _a821
_bANT-M
100 _aFr Antony,
245 0 _aMariyam Rekshayude Maathavu
260 _bDeepika Book House
_aKottayam Inv No 2945
_c1978
630 _xGeneral Stack
650 _aEnglish Literature
_vEnglish PoetryGeneralia
942 _cBOOK
999 _c75732
_d75732